Miejscowości obecnej gminy Kosakowo w świetle katastru fryderycjańskiego z 1772/1773 roku

Titel: Miejscowości obecnej gminy Kosakowo w świetle katastru fryderycjańskiego z 1772/1773 roku / [opracowanie] Andrzej Groth.
Beteiligt:
Veröffentlicht: Kosakowo : Biblioteka Publiczna Gminy Kosakowo im. Augustyna Necla, 2023
Umfang: 88 Seiten ; 24 cm
Format: Buch
Sprache: Polnisch; Deutsch
Schlagworte:
ISBN: 9788393580415 ; 8393580412
Buchumschlag
X
alg: 53172869
001A    $03004:15-07-25 
001B    $01999:21-08-25 $t12:46:12.000 
001D    $03004:15-07-25 
001U    $0utf8 
001X    $00 
002@    $0Aau 
002C    $aText $btxt $2rdacontent 
002D    $aohne Hilfsmittel zu benutzen $bn $2rdamedia 
002E    $aBand $bnc $2rdacarrier 
003@    $0531728692 
003O    $01527894389 $aOCoLC 
004A    $A978-83-935804-1-5 $f((oprawa miękka)) 
004A    $083-935804-1-2 
006C    $01417192196 $aOCoLC 
007A    $0531728692 $aHEB 
007G    $0 
009P    $qapplication/pdf $A2 $3Cover $uhttp://scans.hebis.de/HEBCGI/show.pl?53172869_cov.pdf $mV:DE-603;B:DE-Mb50 
009P    $qapplication/pdf $A2 $3Inhaltsverzeichnis $uhttp://scans.hebis.de/HEBCGI/show.pl?53172869_toc.pdf $mV:DE-603;B:DE-Mb50 
010@    $apol $ager $cger 
010E    $erda 
011@    $a2023 $n2023 
013D    $RQuellenforschung $#History -- Sources $#Histoire -- Sources $#Akten Formschlagwort $#Augenzeugenbericht Formschlagwort $#Texte Formschlagwort $#Historische Quelle $#Geschichtsquelle $#Quellensammlung $#Quellen $74135952-5 $8Quelle [Ts1] $9085503576 
021A    $aMiejscowości obecnej gminy Kosakowo w świetle katastru fryderycjańskiego z 1772/1773 roku $h[opracowanie] Andrzej Groth. 
028C    $BMitwirkender $#Grot, Andžej $#Groth, Andrzej Jan $4ctb $7138255806 $8Groth, Andrzej$Z1939- [Tp3] $9212539353 
033A    $pKosakowo $nBiblioteka Publiczna Gminy Kosakowo im. Augustyna Necla 
034D    $a88 Seiten 
034I    $a24 cm 
044A    $aKosakowo (Poland : Gmina) $S#0 $vSources $xHistory, Local $y18th century $N651 
044A    $aLand use $S#0 $vSources $xHistory $y18th century $zPoland $zKosakowo (Gmina) $N650 
044A    $aReal property $S#0 $vSources $xHistory $y18th century $zPoland $zKosakowo (Gmina) $N650 
044A    $aDokumenty $2dbn $S#7 $N655 
044A    $aTabele $2dbn $S#7 $N655 
044A    $aWydawnictwo źródłowe $2dbn $S#7 $N655 
044K    $#Westpreußen $#Königlich-Preußen $#Polnisch-Preußen $#Königliches Preußen $74079244-4 $8Westpreußen [Tg1] $908522510X 
044K    $#Kossakau $77612161-6 $8Kosakowo$gGdingen [Tg1] $9198708459 
044K    $RBesitz $REigentum $RGrundstück $RGrundstücksrecht $RGrundeigentümer $#Land tenure $#Real property $#Propriété foncière $#Terres $#Propriété immobilière $#Propiedad rústica $#Grundeigentum $#Grundbesitz $#Grundbesitz $#Bodeneigentum $#Grundbesitz $#Grundstück Eigentum $#Grundstückseigentum $#Liegenschaftseigentum $#Grundvermögen $#Immobiliareigentum $#Landbesitz $#Landeigentum $#Besitzung $74072130-9 $8Grundeigentum [Ts1] $9085202959 
044K    $#Taxation Lists $#Impôt Rôles $#Personenschatzungsregister $#Schatzungsliste $#Schatzungsregister $#Steuerliste $74057456-8 $8Steuerregister [Ts1] $9085159859 
045F    $a307.0943809033 $eDDC23BSB 
045F/01 $a307.09 
045F/03 $f09033 
045F/03 $g438 
045R    $aGeschichte 1772-1773 
046L    $aParalleltext in deutscher und polnischer Übersetzung 

lok: 53172869 24

exp: 53172869 24 1 #EPN
201B/01 $013-08-25 $t14:13:25.000 
201C/01 $015-07-25 
201U/01 $0utf8 
203@/01 $01313940615 
208@/01 $a13-08-25 $bz 
209A/01 $a25.03861 $du $f050 $h25 03861 $x00 
209C/01 $a25.03861 K $h25 03861 K 
209G/01 $a75141548 $x00 
220C/01 $ahae 
247C/01 $8358050-7 Marburg, Bibliothek des Herder-Instituts Marburg $9102600961
LEADER 00000cam a2200000 c 4500
001 531728692
003 DE-603
005 20250821124612.0
007 tu
008 250715s2023 xx |||| | u00||u|pol c
020 |a 9788393580415  |c ((oprawa miękka)) 
020 |a 8393580412 
035 |a (DE-599)HEB531728692 
035 |a (OCoLC)1527894389 
040 |a DE-603  |b ger  |c DE-603  |d DE-603  |e rda 
041 |a pol  |a ger  |h ger 
082 0 4 |8 1\u  |a 307.0943809033  |q DE-101  |2 23/BSB 
085 |8 1\u  |b 307.09 
085 |8 1\u  |z 1  |s 09033 
085 |8 1\u  |z 2  |s 438 
245 0 0 |a Miejscowości obecnej gminy Kosakowo w świetle katastru fryderycjańskiego z 1772/1773 roku  |c [opracowanie] Andrzej Groth. 
264 1 |a Kosakowo  |b Biblioteka Publiczna Gminy Kosakowo im. Augustyna Necla  |c 2023 
300 |a 88 Seiten  |c 24 cm 
336 |a Text  |b txt  |2 rdacontent 
337 |a ohne Hilfsmittel zu benutzen  |b n  |2 rdamedia 
338 |a Band  |b nc  |2 rdacarrier 
546 |a Paralleltext in deutscher und polnischer Übersetzung 
648 7 |a Geschichte 1772-1773  |2 gnd 
650 7 |a Grundeigentum  |0 (DE-588)4072130-9  |0 (DE-603)085202959  |2 gnd 
650 7 |a Steuerregister  |0 (DE-588)4057456-8  |0 (DE-603)085159859  |2 gnd 
651 7 |a Westpreußen  |0 (DE-588)4079244-4  |0 (DE-603)08522510X  |2 gnd 
651 7 |a Kosakowo  |g Gdingen  |0 (DE-588)7612161-6  |0 (DE-603)198708459  |2 gnd 
655 7 |a Quelle  |2 gnd-content  |0 (DE-588)4135952-5  |0 (DE-603)085503576 
700 1 |a Groth, Andrzej  |d 1939-  |e Mitwirkender  |4 ctb  |0 (DE-603)212539353  |0 (DE-588)138255806  |2 gnd 
856 4 2 |m V:DE-603;B:DE-Mb50  |q application/pdf  |u http://scans.hebis.de/HEBCGI/show.pl?53172869_cov.pdf  |3 Cover 
856 4 2 |m V:DE-603;B:DE-Mb50  |q application/pdf  |u http://scans.hebis.de/HEBCGI/show.pl?53172869_toc.pdf  |3 Inhaltsverzeichnis 
924 0 |9 Mb 50  |a (DE-603)1313940615  |b DE-Mb50  |c HES  |d c  |g 25.03861